000 00718nam a2200289Ia 4500
005 20260324130732.0
008 008 260324s9999 xx 000 0 eng d
020 _a9780203603536
037 _aEBOOK
040 _aCRL
040 _beng
040 _cCRL
041 _2eng
041 _aeng
084 _qCRL
100 _aSandra Stanley Holton
_91182904
245 0 _aQuaker Women
245 0 _bPersonal Life, Memory and Radicalism in the Lives of Women Friends, 1780–1930
260 _bTaylor and Francis
260 _c2007
365 _a
365 _b220
856 _uhttp://www.taylorfrancis.com/books/9780203603536
942 _cEBOOK
999 _c1779329
_d1779329